000 00311nam a2200121Ia 4500
008 191201s2011 xx 000 0 und d
100 _aGUPTA, Meenakshi
245 0 _aInternet Technologies and Application BCA-306 SEM-6
260 _aN. Delhi
_bVikas Pub
_c2011
300 _a287
650 _aMCA
942 _2ddc
_cBK
999 _c285
_d285